000 00335nam a2200133Ia 4500
008 240624s9999 xx 000 0 und d
041 _aeng
082 _a346.07 GOE
100 _aGOEL P K
245 _aBUSINESS LAW FOR MANAGERS
260 _c2006
_aNew Delhi
_bBiztantra
300 _aviii, : 316 : p. : cm. ; 27
365 _cRS
_b33.33
999 _c14145
_d14145